Proposiciones alternativas para una reforma de la educación.

Enregistré dans:
Détails bibliographiques
Auteur principal: Guzmán Anell, José Teódulo (autor)
Autres auteurs: Schmelkes, Sylvia (autor) (autor)
Format: Inconnue
Langue:espagnol
Sujets:
Accès en ligne:Ver documento en línea
Tags: Ajouter un tag
Pas de tags, Soyez le premier à ajouter un tag!

MARC

LEADER 00000c**#a2200000ua#4500
001 000499306
003 DLC
005 20260512000000.0
008 070820c^^^^9999^^^^r1^^^^^^^^0^^^^0spa^d
009 20260512123314.393
022 |a 01851284 
035 |a FCE 000043354 
037 |a Acervo ITESO - Biblioteca 
041 |a spa 
095 |a RLEE  |b 73-3-173 
100 |a Guzmán Anell, José Teódulo  |e (autor) 
245 1 0 |a Proposiciones alternativas para una reforma de la educación. 
264 |a México :  |b Centro de Estudios Educativos,  |c 1973. 
336 |a texto  |b txt  |2 rdacontenido 
337 |a sin mediación  |b n  |2 rdamedio 
338 |a volumen  |b nc  |2 rdasoporte 
649 |a XX 
650 |a Cambio social 
650 |a Estrategias de la educación 
650 |a Reforma de la educación 
650 |a Alternativas educativas 
650 |a Propuesta de reforma 
650 |a México 
740 |g vol. 3, no. 3, 1973, pp. 173-217.  |t Revista Latinoamericana de Estudios Educativos. Artículos, 
700 |a Schmelkes, Sylvia  |e (autor) 
856 4 0 |u https://www.cee.edu.mx/rlee/revista/r1971_1980/r_texto/t_1973_3_06.pdf  |y Ver documento en línea 
910 |a Fondo Centro de Estudios Educativos 
920 |a Impresos - Libros 
930 |a Fondos Especiales 
905 |a 133 
902 |a https://opac.biblio.iteso.mx/vufind/Record/000499306